000 00300nam a22001337a 4500
008 170328b xxu||||| |||| 00| 0 eng d
020 _a9780781724159
041 _aeng
080 _27ED
_a615.83
100 _a8
101 _aSHM
245 _aTEXBOOK OF THERAPEAUTICS
_cGOURLEY.G.K
942 _2udc
_cBK
999 _c8822
_d8822